|
|
|
|
| LEADER |
00000nam0a2200000 4500 |
| 001 |
47900 |
| 005 |
20231031030722.0 |
| 035 |
|
|
|a (RuTPU)RU\TPU\book\50086
|
| 090 |
|
|
|a 47900
|
| 100 |
|
|
|a 20030226d1985 km y0rusy50 ca
|
| 101 |
0 |
|
|a rus
|
| 102 |
|
|
|a RU
|
| 105 |
|
|
|a a g 001zy
|
| 200 |
1 |
|
|a Вредные вещества в промышленности. Органические вещества
|e новые данные 1974-1984
|e справочник
|f Под ред. Э. Н. Левиной, И. Д. Гадаскиной
|
| 210 |
|
|
|a Ленинград
|c Химия
|d 1985
|
| 215 |
|
|
|a 464 с.
|
| 320 |
|
|
|a Библиогр.: с. 434-436
|
| 320 |
|
|
|a Указатель вредных веществ: с. 437-459
|
| 610 |
1 |
|
|a химия
|
| 610 |
1 |
|
|a промышленность
|
| 610 |
1 |
|
|a вредные вещества
|
| 610 |
1 |
|
|a органические вещества
|
| 610 |
1 |
|
|a физические свойства
|
| 610 |
1 |
|
|a химические свойства
|
| 610 |
1 |
|
|a токсические свойства
|
| 610 |
1 |
|
|a справочники
|
| 675 |
|
|
|a 613.63(035)
|v 3
|
| 702 |
|
1 |
|a Левина
|b Э. Н.
|c Эсфирь Натановна
|4 340
|
| 702 |
|
1 |
|a Гадаскина
|b И. Д.
|4 340
|
| 801 |
|
1 |
|a RU
|b 63413507
|c 20030226
|g PSBO
|
| 801 |
|
2 |
|a RU
|b 63413507
|c 20210413
|g PSBO
|
| 942 |
|
|
|c BK
|